आलोचक का आकाश / (Record no. 71787)

MARC details
000 -LEADER
fixed length control field 00897nam a22002417a 4500
005 - DATE AND TIME OF LATEST TRANSACTION
control field 20250404161442.0
008 - FIXED-LENGTH DATA ELEMENTS--GENERAL INFORMATION
fixed length control field 090408t xxu||||| |||| 00| 0 hin d
010 ## - LCCN (DPL NO)
LC control number HIN-97536 HIN-129635
020 ## - INTERNATIONAL STANDARD BOOK NUMBER
Terms of availability 460.00
International Standard Book Number 9789380458380
020 ## - INTERNATIONAL STANDARD BOOK NUMBER
Terms of availability 695.00
035 ## - SYSTEM CONTROL NUMBER
System control number HN-69882 HN-101981
037 ## - SOURCE OF ACQUISITION
Source of stock number/acquisition DBAD / PUB
040 ## - CATALOGING SOURCE
Original cataloging agency DPL
Language of cataloging HN
082 ## - DEWEY DECIMAL CLASSIFICATION NUMBER
Classification number 808.883
100 ## - MAIN ENTRY--PERSONAL NAME
9 (RLIN) 27482
Personal name मधुरेश
245 ## - TITLE STATEMENT
Title आलोचक का आकाश /
Statement of responsibility, etc मधुरेश
246 ## - VARYING FORM OF TITLE
Title proper/short title Aalochak ka Aakash
Remainder of title by Madhuresh
260 ## - PUBLICATION, DISTRIBUTION, ETC. (IMPRINT)
Name of publisher, distributor, etc सामयिक बुक्स
Date of publication, distribution, etc 2012
Place of publication, distribution, etc नई दिल्ली
260 ## - PUBLICATION, DISTRIBUTION, ETC. (IMPRINT)
Date of publication, distribution, etc 2022
270 ## - ADDRESS
Address 3320-21,, जटवाड़ा, दरियागंज, एन.एस.मार्ग,
City नई दिल्ली
Postal code 110002
300 1# - PHYSICAL DESCRIPTION
Extent 272पृ.
Dimensions 22सेमी (सजिल्द)
942 ## - ADDED ENTRY ELEMENTS (KOHA)
Institution code [OBSOLETE] dpl
Item type Hindi Books
Source of classification or shelving scheme Dewey Decimal Classification
Call number suffix मधुरे
Classification part 808.883
Holdings
Withdrawn status Lost status Source of classification or shelving scheme Damaged status Not for loan Collection code Home library Current library Date acquired Source of acquisition Cost, normal purchase price Total Checkouts Full call number Barcode Date last seen Copy number Cost, replacement price Koha item type
    Dewey Decimal Classification   Not For Loan Non-fiction D.B.Act.Division D.B.Act.Division 03/12/2012 DBAD / PUB 460.00   808.883 मधुरे HN-69882 03/12/2012 1 460.00 Hindi Books
    Dewey Decimal Classification     Fiction Patel Nagar Patel Nagar 04/04/2025 DBAD 695.00   808.883 मधुरे HN-101981 04/04/2025 1 695.00 Hindi Books

© Delhi Public Library
Hit Counter
free hit counter